| 000 | 00771nam a2200277 i 4500 | ||
|---|---|---|---|
| 001 | bg | ||
| 003 | BPK | ||
| 005 | 20190725111845.0 | ||
| 008 | 970513s1992 pl f |000 0 eng | ||
| 015 | _aPB 1992/5216 | ||
| 020 | _a8390048701 | ||
| 040 |
_aWA N _cBPK |
||
| 041 | 0 | _aeng | |
| 080 | _a811.111'36 | ||
| 080 | _a811.111'373 | ||
| 080 | _a(076) | ||
| 100 | 1 | _aSzarfemberg, Tomasz. | |
| 245 | 1 | 0 |
_aTest your English / _cTomasz Szarfemberg. |
| 260 |
_a[s.l.] : _b"Altravox", _c[1992]. |
||
| 300 |
_a146, [1] s. ; _c21 cm. |
||
| 650 | 4 |
_aJęzyk angielski _xgramatyka. |
|
| 650 | 4 |
_aJęzyk angielski _xsłownictwo. |
|
| 650 | 4 |
_aJęzyk angielski _xpoziom średnio zaawansowany. |
|
| 655 | 4 | _aĆwiczenia i zadania | |
| 942 |
_2UKD _cKS |
||
| 999 |
_c4763 _d4763 |
||